FNaF Security Breach General knowledge: Hard - Statistics

General Stats
  • This quiz has been taken 12 times
  • The average score is 7 of 22
Answer Stats
Hint Answer % Correct
In the Ruin DLC, how many doors must be opened on the cameras to access a different ending? 4 doors
100%
How many sun beams does Sun have on top of his head? 7
100%
During the Afton ending Burntrap boss fight, which computer screen shows purple? Right
100%
How many hidden retro CDs can be found in the Pizzaplex? 16
67%
In the ruin DLC, in Roxy raceway who can the staff bot rarely sound like when it speaks to Cassie? Gregory
67%
Who says the line 'Gregory!' During gameplay? Glamrock Chica
50%
After making your way out of the lobby and back into the atrium at 2am who can be seen on the screen in the centre of the atrium? Vanny
50%
How long does it take for the fazcamera to recharge after use? 30 seconds
33%
In the West Arcade what cardboard cutout can be found at the end of the maintenance hallway? Bonnie
33%
When making pizza for chica what is the 3rd ingredient added? Meat
33%
What weapon was removed from Vanny? Knife
17%
What is the nickname given to wet floor signs? Pat pats
17%
Within the utility tunnels before reaching the secret sister location room what can be found hanging in a neighbouring room from a hook? Staff bot
17%
What date was FNaF SB released? 16.12.2021
0%
In the game files what are the doors leading out of the post it note room called? Charlie doors
0%
In the Ruin DLC, in Glamrock gifts what does Cassie say if she gets close to a Roxy plush? Cool
0%
Which collectable can be found in the Bakery's bathroom? Hoodie
0%
Although Burntrap in game doesn't speak what 2 other sounds can you hear from him? Laughs and whispers
0%
Where can golden sun plush be found? Lighthouse in Kids cove
0%
In the corridor leading to the bakery what can be found in the large plant pot apart from plants? Post it note
0%
During the first true chase of the game after Monty smashes through a fence what is the name of the OST that plays until you reach the security office? Scrapyard Megladon
0%
On which fingers does Burntrap have remnants of bone and flesh on? Thumb and middle
0%
No matching quizzes found
Score Distribution
Percent of People with Each Score
Percentile by Number Answered
Your Score History
You have not taken this quiz